000 02864nam0a2200421 i 4500
001 RU\NLR\BIBL_A\010712477
005 20260408121231.0
010 _a9785892305501
_9100
021 _aRU
_b2015-8990
_9558
035 _a(NILC)RuMoRGB-007868900
035 _a(NLR Aleph) 010712477
090 _a9779173
_c9779173
100 _a20150401d2014 k y0rusy50 ca
101 0 _arus
_aeng
102 _aRU
105 _aa|||z|||101yy
200 1 _aКачество как условие повышения конкурентоспособности и путь к устойчивому развитию
_dQuality as a requirement of improving of competitiveness and a way to sustainable development
_eматериалы конференции
_fII Международная научно-практическая конференция (МНПК-II)
_zeng
210 _aУлан-Удэ
_cИзд-во ВСГУТУ
_d2014
215 _a323 с.
_cил.
_d21
300 _aВ надзаг.: М-во образования и науки Рос. Федерации, Федер. гос. бюджет. образоват. учреждение высш. проф. образования "Вост.-Сиб. гос. ун-т технологий и упр." (ФГБОУ ВПО ВСГУТУ), Каф. "Стандартизация, метрология и упр. качеством"
300 _aРез. на англ. яз.
320 _aБиблиогр. в конце ст.
320 _aАлф. указ.: с. 317-319
510 1 _aQuality as a requirement of improving of competitiveness and a way to sustainable development
_zeng
606 _aКачество продукции
_jСъезды, совещания и т.п
_91187128
_3RU\NLR\AUTH\66160773
606 _aСфера услуг
_xКачество
_92192495
_3RU\NLR\AUTH\6601553524
606 _aОбразование
_xКачество
_92459444
_3RU\NLR\AUTH\661461559
606 _aКонкурентоспособность
_jСъезды, совещания и т.п
_91112705
_3RU\NLR\AUTH\66439734
606 1 _aСельское хозяйство
_jСъезды, совещания и т.п
_9896357
_3RU\NLR\AUTH\664909
606 _aУстойчивого развития концепция
_jСъезды, совещания и т.п
_92087859
_3RU\NLR\AUTH\661263996
686 1 _aП.я431(0)
686 1 _aУ.я431(0)
712 0 2 _4570
_aВосточно-Сибирский государственный университет технологий и управления
_cУлан-Удэ
_bКафедра "Стандартизация, метрология и управление качеством"
_3RU\NLR\AUTH\880396424
_9459394
801 0 _aRU
_bРГБ
_c20150216
_gRCR
942 _cBOOK
980 _aNBR